[Event "Foxwoods Open"]
[Site "Foxwoods"]
[Date "2001.04.14"]
[Round "4"]
[White "Shaw, Alan"]
[Black "Curdo, John A"]
[Result "0-1"]
[WhiteElo "2200"]
[BlackElo "2316"]
[PlyCount "68"]
[EventDate "2001.??.??"]

1. d4 f5 2. Bg5 g6 3. Nd2 Bg7 4. e4 fxe4 5. Nxe4 d5 6. Nc5 b6 7. Nb3 Nf6 8.
Bxf6 Bxf6 9. Nf3 O-O 10. Be2 Nc6 11. h4 e5 12. h5 e4 13. Ng1 Bh4 14. g3 e3 15.
Nf3 exf2+ 16. Kxf2 Bg5 17. hxg6 hxg6 18. Kg2 Bf5 19. Qg1 Qe7 20. Re1 Kg7 21.
Bd3 Qf6 22. Nxg5 Qxg5 23. Qe3 Qxe3 24. Rxe3 Bxd3 25. Rxd3 Rae8 26. Nc1 Re4 27.
c3 Ne7 28. Rf3 Nf5 29. Kf2 Rfe8 30. Rd1 Ne3 31. Rd2 Nc4 32. Rc2 Rh8 33. Kg1
Re1+ 34. Kf2 Reh1 0-1

[Event "Foxwoods Open"]
[Site "Foxwoods"]
[Date "2001.04.14"]
[Round "4"]
[White "Bennett, Allan D"]
[Black "Berger, Craig"]
[Result "1-0"]
[WhiteElo "2293"]
[BlackElo "1881"]
[PlyCount "87"]
[EventDate "2001.??.??"]

1. e4 e5 2. Nf3 Nf6 3. Nc3 Bb4 4. Bc4 Nc6 5. O-O d6 6. d3 Bg4 7. Nd5 Nxd5 8.
Bxd5 Nd4 9. c3 Nxf3+ 10. gxf3 Bh3 11. Re1 Bc5 12. Bxb7 Rb8 13. Bc6+ Kf8 14. Qe2
h5 15. Kh1 h4 16. f4 exf4 17. d4 Bb6 18. Qf3 Bd7 19. Bxd7 Qxd7 20. Bxf4 Re8 21.
e5 dxe5 22. Rxe5 Rxe5 23. Bxe5 c6 24. Rg1 Rh7 25. Qg4 Qxg4 26. Rxg4 f6 27. Bd6+
Kf7 28. Re4 h3 29. f3 Rh5 30. Kg1 Rg5+ 31. Kf1 Rg2 32. Re2 Rxe2 33. Kxe2 Ke6
34. Bb8 c5 35. c4 cxd4 36. b4 a6 37. Kd3 g5 38. c5 Bd8 39. Kxd4 Kd7 40. Kd5 f5
41. Ke5 f4 42. Kf5 Kc6 43. Kg4 Kb5 44. a3 1-0

[Event "Foxwoods Open"]
[Site "Foxwoods"]
[Date "2001.04.15"]
[Round "5"]
[White "Wojtkiewicz, Alek"]
[Black "Kudrin, Sergey"]
[Result "1-0"]
[WhiteElo "2680"]
[BlackElo "2592"]
[PlyCount "75"]
[EventDate "2001.??.??"]

1. d4 Nf6 2. Nf3 g6 3. g3 Bg7 4. Bg2 d5 5. O-O O-O 6. Bf4 c6 7. Qc1 c5 8. dxc5
Qa5 9. Be3 Ng4 10. c3 Nxe3 11. Qxe3 Nc6 12. Nbd2 e5 13. a4 Bf5 14. b4 Qc7 15.
Nb3 Rad8 16. b5 Nb8 17. b6 axb6 18. cxb6 Qc4 19. Nfd2 Qc8 20. Qc5 e4 21. Rac1
Nd7 22. Qxd5 Nxb6 23. Qb5 Nd5 24. Nxe4 Bxe4 25. Bxe4 Nxc3 26. Bxb7 Qe6 27. Rxc3
Bxc3 28. a5 Be5 29. a6 Bb8 30. Na5 Rd2 31. Nc6 Ra2 32. e3 h5 33. Qc5 Bd6 34.
Qd4 Re8 35. a7 h4 36. Qxh4 Bc5 37. Nd4 Bxd4 38. Qxd4 1-0

[Event "Foxwoods Open"]
[Site "Foxwoods"]
[Date "2001.04.14"]
[Round "5"]
[White "Stripunsky, Alexan"]
[Black "Andrianov, Nikolay"]
[Result "1-0"]
[WhiteElo "2627"]
[BlackElo "2460"]
[PlyCount "67"]
[EventDate "2001.??.??"]

1. e4 c5 2. Nf3 Nc6 3. c3 Nf6 4. e5 Nd5 5. d4 cxd4 6. cxd4 d6 7. Bc4 Nb6 8. Bb5
dxe5 9. Nxe5 Bd7 10. Nxd7 Qxd7 11. Nc3 e6 12. Qg4 a6 13. Bxc6 bxc6 14. O-O Nd5
15. Re1 h5 16. Qh3 Be7 17. Ne4 Nf6 18. Bf4 Nxe4 19. Rxe4 Qd5 20. Ree1 Qxd4 21.
Be5 Qg4 22. Qc3 O-O 23. h3 Qg6 24. Qxc6 Bf6 25. Rac1 Bxe5 26. Rxe5 Qh6 27. h4
g6 28. Rg5 Qg7 29. Rc3 Qd4 30. Qf3 Qxh4 31. Qf6 Qe4 32. Rcg3 Rad8 33. Rxh5 Rd1+
34. Kh2 1-0

[Event "Foxwoods Open"]
[Site "Foxwoods"]
[Date "2001.04.14"]
[Round "5"]
[White "Mulyar, Michael A"]
[Black "Anderson, Renard W"]
[Result "1-0"]
[WhiteElo "2488"]
[BlackElo "2283"]
[PlyCount "65"]
[EventDate "2001.??.??"]

1. c4 g6 2. e4 Bg7 3. d4 d6 4. Nc3 Nf6 5. h3 O-O 6. Bg5 Na6 7. Nf3 c5 8. d5 Qb6
9. Qd2 e6 10. Bd3 exd5 11. cxd5 Bd7 12. O-O Rfe8 13. Rfe1 Nc7 14. Bf4 Rad8 15.
a4 Na6 16. Rad1 Nb4 17. Bc4 a6 18. Bh2 Bc8 19. e5 dxe5 20. Nxe5 Rf8 21. b3 Be6
22. dxe6 Rxd2 23. exf7+ Kh8 24. Rxd2 Nc6 25. Nxc6 bxc6 26. Bd6 Qa5 27. Bxf8
Bxf8 28. Rd3 Kg7 29. Re8 h6 30. g3 Nh7 31. Ne2 Qe1+ 32. Kg2 Nf6 33. Rdd8 1-0

[Event "Foxwoods Open"]
[Site "Foxwoods"]
[Date "2001.04.15"]
[Round "5"]
[White "Belorusov, Mikhail"]
[Black "Hulse, Brian"]
[Result "1-0"]
[WhiteElo "2349"]
[BlackElo "2222"]
[PlyCount "101"]
[EventDate "2001.??.??"]

1. e4 c5 2. c3 Nf6 3. e5 Nd5 4. d4 cxd4 5. Qxd4 e6 6. Nf3 Nc6 7. Qe4 f5 8. Qe2
Qc7 9. g3 d6 10. exd6 Bxd6 11. Bg2 O-O 12. O-O Bd7 13. Nbd2 Nb6 14. Nc4 Nxc4
15. Qxc4 Na5 16. Qxc7 Bxc7 17. Re1 Nc6 18. Be3 Rae8 19. Rad1 Bc8 20. Bc5 Rf7
21. Ng5 Rd7 22. Bxc6 bxc6 23. Rxd7 Bxd7 24. Rd1 Bc8 25. Bxa7 h6 26. Nf3 e5 27.
Bc5 Be6 28. a3 g5 29. Rd2 Bd5 30. Ne1 f4 31. Nc2 Ba5 32. b4 Bc7 33. a4 Rd8 34.
Na3 Ra8 35. a5 Kf7 36. f3 Ke6 37. Kf2 Kf7 38. Ke2 h5 39. c4 Be6 40. Bd6 Rc8 41.
Bxc7 Rxc7 42. b5 cxb5 43. cxb5 g4 44. b6 Rc3 45. b7 gxf3+ 46. Ke1 Re3+ 47. Kd1
f2 48. Rxf2 Rb3 49. a6 Bd5 50. Nc4 Ke6 51. Rb2 1-0

[Event "Foxwoods Open"]
[Site "Foxwoods"]
[Date "2001.04.14"]
[Round "5"]
[White "Friedel, Joshua E"]
[Black "Bennett, Allan D"]
[Result "1-0"]
[WhiteElo "2174"]
[BlackElo "2293"]
[PlyCount "49"]
[EventDate "2001.??.??"]

1. e4 e5 2. Nf3 d6 3. Bc4 Nc6 4. d4 exd4 5. Nxd4 Nf6 6. Nc3 Be7 7. O-O O-O 8.
Re1 Nxd4 9. Qxd4 Ng4 10. Nd5 Bh4 11. g3 c6 12. gxh4 Qxh4 13. Bf4 cxd5 14. exd5
Nxh2 15. Be2 g5 16. Be3 Qxd4 17. Bxd4 Ng4 18. Bxg4 Bxg4 19. Re7 b6 20. Rae1
Rfc8 21. a4 Kf8 22. b3 Rd8 23. Bf6 h6 24. Kg2 Bd7 25. Rh1 1-0

[Event "Foxwoods Open"]
[Site "Foxwoods"]
[Date "2001.04.15"]
[Round "5"]
[White "Kleiman, Jake"]
[Black "Benen, Samson"]
[Result "0-1"]
[WhiteElo "2092"]
[BlackElo "2223"]
[PlyCount "106"]
[EventDate "2001.??.??"]

1. e4 c5 2. c3 Nf6 3. e5 Nd5 4. d4 cxd4 5. cxd4 e6 6. Nf3 d6 7. Bc4 Nb6 8. Bd3
Bd7 9. Nc3 Bc6 10. O-O Be7 11. Re1 N8d7 12. Qe2 dxe5 13. dxe5 Nd5 14. Nxd5 Bxd5
15. Bf4 O-O 16. Bg3 Rc8 17. h4 Qc7 18. Rad1 Rfd8 19. b3 Bb4 20. Rf1 Nf8 21. h5
Be7 22. Nh2 Rd7 23. Ng4 Qd8 24. Rfe1 a6 25. Ne3 Rcc7 26. Qg4 Bc6 27. Be2 Rxd1
28. Rxd1 Rd7 29. Rxd7 Qxd7 30. Bh4 Bxh4 31. Qxh4 h6 32. Qb4 Qd8 33. f4 Qh4 34.
a3 Qg3 35. Qd4 Qe1+ 36. Bf1 Nd7 37. Nc2 Qb1 38. Nb4 Bb5 39. Nd3 Qxb3 40. Kh2
Qxa3 41. g4 Qa2+ 42. Kg3 Qd2 43. Kf3 Qh2 44. Be2 Bc6+ 45. Ke3 Qg1+ 46. Nf2 Qc1+
47. Qd2 Qa3+ 48. Qd3 Qe7 49. Ne4 Nb6 50. Kf2 Nd5 51. Kg3 Qb4 52. Bd1 Qe1+ 53.
Kh2 Qe3 0-1

[Event "Foxwoods Open"]
[Site "Foxwoods"]
[Date "2001.04.15"]
[Round "6"]
[White "Ibragimov, Ildar"]
[Black "Wojtkiewicz, Alek"]
[Result "1/2-1/2"]
[WhiteElo "2665"]
[BlackElo "2680"]
[PlyCount "43"]
[EventDate "2001.??.??"]

1. d4 d6 2. e4 Nf6 3. Nc3 g6 4. Be3 a6 5. f3 b5 6. Qd2 Nbd7 7. Nh3 Bb7 8. Be2
Bg7 9. O-O O-O 10. a4 c6 11. Nf2 e5 12. dxe5 dxe5 13. Rfd1 Re8 14. Bf1 Nf8 15.
Qxd8 Rexd8 16. Rxd8 Rxd8 17. axb5 cxb5 18. Na2 N8d7 19. Nb4 Bf8 20. Nfd3 Ra8
21. c3 Bd6 22. g3 1/2-1/2

[Event "Foxwoods Open"]
[Site "Foxwoods"]
[Date "2001.04.15"]
[Round "6"]
[White "Curdo, John A"]
[Black "Kosyrev, Vladimir"]
[Result "1/2-1/2"]
[WhiteElo "2316"]
[BlackElo "2665"]
[PlyCount "90"]
[EventDate "2001.??.??"]

1. e4 e6 2. d4 d5 3. Nc3 Bb4 4. e5 c5 5. Qg4 Ne7 6. Nf3 Nbc6 7. Bd2 O-O 8. Bd3
f5 9. exf6 Rxf6 10. Qh5 h6 11. a3 Bxc3 12. Bxc3 cxd4 13. Nxd4 e5 14. Nxc6 Nxc6
15. O-O d4 16. Bd2 Be6 17. f4 Bf7 18. Qg4 Qd6 19. Qg3 Re8 20. fxe5 Nxe5 21. Bf4
g5 22. Bxe5 Rxf1+ 23. Rxf1 Qxe5 24. Qxe5 Rxe5 25. Rf6 Re6 26. Rxe6 Bxe6 27. Be4
b6 28. Kf2 Kg7 29. Ke2 Kf6 30. g3 Ke5 31. Bf3 Bf7 32. Kd2 h5 33. c3 h4 34.
cxd4+ Kxd4 35. Be2 hxg3 36. hxg3 Bc4 37. Bf3 Be6 38. Be2 Ke4 39. Bd1 a5 40. Be2
Bd7 41. Bd1 b5 42. Be2 b4 43. axb4 axb4 44. Bd1 Bb5 45. Bg4 Bf1 1/2-1/2

[Event "Foxwoods Open"]
[Site "Foxwoods"]
[Date "2001.04.15"]
[Round "6"]
[White "Benen, Samson"]
[Black "Mac Intyre, Paul"]
[Result "1/2-1/2"]
[WhiteElo "2223"]
[BlackElo "2326"]
[PlyCount "80"]
[EventDate "2001.??.??"]

1. d4 Nf6 2. c4 g6 3. Nc3 Bg7 4. Nf3 O-O 5. Bg5 h6 6. Bh4 c5 7. e3 d6 8. Be2
Bf5 9. O-O g5 10. Bg3 Ne4 11. Nxe4 Bxe4 12. h4 Bf6 13. Bd3 Bxd3 14. Qxd3 Nc6
15. d5 Nb4 16. Qe2 Qd7 17. e4 Qg4 18. hxg5 hxg5 19. Rfe1 Kg7 20. a3 Na6 21. e5
dxe5 22. Nxe5 Qf5 23. Qe4 Qxe4 24. Rxe4 Rh8 25. Rae1 Rh5 26. Rg4 Rah8 27. f4
Rh1+ 28. Kf2 Rxe1 29. Kxe1 Rh1+ 30. Kd2 Rg1 31. Bh4 Rb1 32. Kc2 Rf1 33. Bxg5
Bxg5 34. Rxg5+ Kf8 35. Nd3 b6 36. Re5 Rg1 37. Re2 Nb8 38. Ne5 Ke8 39. d6 e6 40.
f5 Nd7 1/2-1/2

[Event "Foxwoods Open"]
[Site "Foxwoods"]
[Date "2001.04.15"]
[Round "6"]
[White "Machaj, Blair L"]
[Black "Anderson, Renard W"]
[Result "1/2-1/2"]
[WhiteElo "2010"]
[BlackElo "2283"]
[PlyCount "59"]
[EventDate "2001.??.??"]

1. e4 c5 2. Nc3 d6 3. g3 Nc6 4. Bg2 g6 5. d3 Bg7 6. Be3 e5 7. Qd2 h6 8. Nge2
Nge7 9. O-O Nd4 10. f4 Rb8 11. h3 Be6 12. Nd1 O-O 13. Kh2 Nxe2 14. Qxe2 exf4
15. Rxf4 Nc6 16. Qd2 b5 17. Rf1 Kh7 18. a4 b4 19. c3 bxc3 20. bxc3 Qa5 21. Rf2
Bb3 22. d4 cxd4 23. cxd4 Rb4 24. e5 Rxa4 25. Rxa4 Qxa4 26. Nc3 Qc4 27. Bd5 Qb4
28. Bxc6 dxe5 29. d5 f5 30. Nb5 1/2-1/2

[Event "Foxwoods Open U2000"]
[Site "Foxwoods"]
[Date "2001.04.14"]
[Round "2"]
[White "Dondis, Harold"]
[Black "Shapiro, Oscar"]
[Result "1-0"]
[WhiteElo "1800"]
[BlackElo "1922"]
[PlyCount "58"]

1. d4 Nf6 2. c4 e6 3. Nc3 d5 4. Nf3 Be7 5. Bg5 h6 6. Bh4 O-O 7. e3 b6 8. cxd5
Nxd5 9. Bxe7 Qxe7 10. e4 Nxc3 11. bxc3 Bb7 12. Bd3 c5 13. O-O cxd4 14. cxd4 Nd7
15. Qe2 15... Rfd8 {
Youthful effervesence on the part of Oscar. The C file is perpaps stronger} 16.
Rad1 {The wrong rook as usual} 16... Rac8 17. Qd2 Nf6 18. Rfe1 Qa3 19. Rc1 {
A decisive error as OScar now wins a pawn and the center.} 19... Rxc1 20. Rxc1
Bxe4 21. Bxe4 Nxe4 22. Qc2 Nd6 23. Ne5 Rc8 24. Nc6 Rc7 25. Rd1 25... Qa5 {
White needs two moves to get out of the bind and needs luft. No way} 26. g3 Qd5
27. Rc1 Nf5 28. Qc4 Nxd4 29. Qxd5 29... exd5 {A fine game by OScar, but I'll
get him next year when he's 93! The average age in this game was 85!} 1-0

[Event "Foxwoods Open"]
[Site "Foxwoods"]
[Date "2001.04.15"]
[Round "7"]
[White "Karklins, Andrew"]
[Black "Bauer, Richard N"]
[Result "1-0"]
[WhiteElo "2406"]
[BlackElo "2270"]
[PlyCount "133"]
[EventDate "2001.??.??"]

1. e4 c5 2. Nf3 e6 3. d4 cxd4 4. Nxd4 Nf6 5. Nc3 d6 6. g3 Nc6 7. Bg2 Bd7 8. b3
Qa5 9. Bb2 d5 10. O-O Bb4 11. exd5 Bxc3 12. Bxc3 Qxc3 13. Nb5 Qe5 14. Re1 Qb8
15. dxc6 Bxc6 16. Bxc6+ bxc6 17. Nd6+ Ke7 18. Nf5+ Kf8 19. Nd4 Qb6 20. Qd2 Rd8
21. Rad1 Rd7 22. Qf4 Kg8 23. c4 h6 24. Nf3 Qd8 25. Rxd7 Qxd7 26. Ne5 Qc7 27.
Qf3 c5 28. Qd3 g6 29. Qc3 Kh7 30. Rd1 Rc8 31. f4 Qe7 32. Qd3 Rc7 33. Qd6 Ne4
34. Qxe7 Rxe7 35. Kg2 Kg7 36. Kf3 Nf6 37. Rd6 Rc7 38. Rc6 Ne8 39. Rxc7 Nxc7 40.
Nd3 Na6 41. Ke4 f6 42. a3 Kf7 43. b4 cxb4 44. axb4 Ke7 45. Kd4 Kd6 46. b5 Nc7
47. Nf2 e5+ 48. fxe5+ fxe5+ 49. Kc3 Kc5 50. Ng4 e4 51. Nf6 Kd6 52. Nxe4+ Ke5
53. Kd3 Ne6 54. c5 Kd5 55. c6 Nc7 56. Nc3+ Kc5 57. h3 Ne6 58. Ke4 Kc4 59. Ke5
Nc7 60. Kd6 Na8 61. Nd5 Kxb5 62. Nc7+ Nxc7 63. Kxc7 a5 64. Kb7 a4 65. c7 a3 66.
c8=Q a2 67. Qa8 1-0